000 00559nam a22002057a 4500
999 _c6728
_d6728
003 OSt
005 20210205113241.0
008 200310b ||||| |||| 00| 0 eng d
020 _a0071006753
040 _c040a
082 _a621.3
_bBRO 1990
100 _aBrophy, James J
_913816
245 _aBasic Electronics for Scientists
250 _a5th.ed.
260 _bMcGraw-Hill internation editions
_c1990
300 _axvi, 460p;
_bill :
_c22 cm
504 _aIncludes bibliographical references and index
650 _2Electronics
942 _2ddc
_cO_SHELF